Classifica Marcatori La Liga 2018-2019 - Statistics

Statistiche generali
  • Questo quiz è stato fatto 19 volte
  • Il punteggio medio è 8 su 16
Statistiche sulle risposte
Gol Nazione Squadra Calciatore % Corretto
15 Francia Atletico Madrid Antoine Griezmann
100%
36 Argentina Barcellona Lionel Messi
100%
21 Francia Real Madrid Karem Benzema
95%
21 Uruguay Barcellona Luis Suárez
95%
20 Spagna Celta Vigo Iago Aspas
74%
19 Uruguay Girona Christian Stuani
68%
13 Spagna Athletic Bilbao Iñaki Williams
53%
13 Uruguay Celta Vigo Maxi Gómez
47%
13 Spagna Real Sociedad Mikel Oyarzabal
42%
18 Francia Siviglia Wissam Ben Yedder
42%
14 Spagna Getafe Jaime Mata
16%
14 Spagna Rayo Vallecano Raúl de Tomás
16%
14 Spagna Getafe Jorge Molina
11%
13 Spagna Levante Roger Marti
11%
17 Spagna Espanyol Borja Iglesias
0%
14 Brasile Eibar Charles
0%
Nessun quiz corrispondente trovato
Distribuzione punteggi
Percentuale di utenti per punteggio
Percentile per numero di risposta
I tuoi punteggi nel tempo
Non hai fatto questo quiz